MARC

LEADER 00000nam0a2200000 4500
001 140160
005 20231031141957.0
035 |a (RuTPU)RU\TPU\book\151831 
090 |a 140160 
100 |a 20080620d1978 m y0rusy50 ca 
101 0 |a rus 
102 |a LV 
105 |a a z 001zy 
200 1 |a Микромеханика разрушения полимерных материалов  |f В. П. Тамуж, В. С. Куксенко  |g Академия наук Латвийской ССР (АН ЛатССР), Институт механики полимеров (ИМП) 
210 |a Рига  |c Зинатне  |d 1978 
215 |a 294 с.  |c ил. 
320 |a Библиогр.: с. 271-289. 
320 |a Предметный указатель: с. 290-291. 
610 1 |a микромеханика 
610 1 |a разрушение 
610 1 |a полимерные материалы 
610 1 |a полимеры 
675 |a 678.01:539.4  |v 3 
700 1 |a Тамуж  |b В. П.  |g Витаут Петрович 
701 1 |a Куксенко  |b В. С.  |g Виктор Степанович 
712 0 2 |a Академия наук Латвийской ССР (АН ЛатвССР)  |b Институт механики полимеров (ИМП)  |2 stltpush  |3 (RuTPU)RU\TPU\col\13264 
801 1 |a RU  |b 63413507  |c 20080620  |g PSBO 
801 2 |a RU  |b 63413507  |c 20100224  |g PSBO 
942 |c BK